000 00524nam a2200181Ia 4500
003 GCL
008 140319s9999 xx 000 0 eng d
040 _aGCL /
_cGCL
082 0 4 _a621.3822
_bA M
100 1 _aHADDAD, RICHARD A.
245 1 0 _aMULTINATIONAL SIGNAL DECOMPOSITION TRANDFORMS SUBBANDS AND WARLETS /
_cHADDAD, RICHARD A.
700 1 _aAKANSU, ALI N.
260 _a[S.N] :
_bACADEMIC PRESS LIMITED. ،
_c1992
300 _a376 P
650 0 4 _aCODING THEORY
650 0 4 _aSIGNAL PROCESSING
942 _2ddc
_cBK
999 _c19422
_d19422